000 00316nam a2200121 a 4500
008 100917s1968|||| d
245 1 0 _aChceš byť diplomatom?
100 1 _aDunajský, martin
260 _bVydavateľstvo politickej literatúry
_aBratislava
_c1968
044 _axo
_cSK
020 _c12
041 _aslo
999 _c10480
_d10480